Équipe de France de Rugby - Tournoi des 6 Nations 2025. - Statistiques

Statistiques générales
  • Ce quiz a été pris 377 fois
    242 depuis la dernière actualisation
  • Le résultat moyen est 37 sur 64
Statistiques - réponses
Poste Joueur % Correct
Demi de mêlée Antoine Dupont
95%
Talonneur Julien Marchand
94%
Péato Mauvaka
94%
Arrière Thomas Ramos
92%
Maxime Lucu
91%
Ailier Damian Penaud
89%
Demi d'ouverture Romain Ntamack
89%
Jean-Baptiste Gros
88%
Cyril Baille
86%
Louis Bielle-Biarrey
86%
Matthieu Jalibert
86%
Pilier Uini Atonio
86%
3e ligne aile François Cros
84%
3e ligne centre Grégory Alldritt
82%
Thibaud Flament
81%
Gaël Fickou
80%
Léo Barré
79%
Centre Yoram Moefana
79%
Anthony Jelonch
75%
Dorian Aldegheri
74%
Nolann Le Garrec
74%
Baptiste Serin
73%
Oscar Jegou
69%
Pierre-Louis Barassi
69%
Théo Attissogbe
68%
Emmanuel Meafou
67%
Gabin Villière
67%
Mickaël Guillard
66%
Hugo Auradou
64%
Maxime Lamothe
64%
Nicolas Depoortère
64%
Pierre Bourgarit
64%
Paul Boudehent
63%
Emilien Gailleton
62%
Reda Wardi
61%
Alexandre Roumat
59%
Rabah Slimani
59%
2e ligne Romain Taofifénua
59%
Georges-Henri Colombe
55%
Gaëtan Barlot
50%
Tevita Tatafu
49%
Gael Dréan
44%
Sipili Falatea
44%
Dany Priso
42%
Joshua Brennan
42%
Léo Berdeu
41%
Marko Gazzotti
41%
Dylan Cretin
40%
Noah Nene
39%
Régis Montagne
35%
Antoine Frisch
32%
Lenni Nouchi
31%
Esteban Abadie
27%
Hugo Reus
24%
Marius Domon
24%
Matthias Halagahu
24%
Clément Vergé
22%
Cheikh Tiberghien
21%
Giorgi Beria
21%
Louis Le Brun
20%
Rémy Baget
12%
Théo Millet
12%
Temo Matiu
11%
Maxime Baudonne
5%
Aucun quiz correspondant
Distribution des résultats
% des personnes avec chaque résultat
Percentile par nombre de réponses
Votre historique - résultats
Vous n’avez pas pris ce quiz depuis la dernière actualisation